Cancionero y obras en prosa / (Record no. 135472)

MARC details
000 -LEADER
campo de control de longitud fija 00431nam a2200145 i 4500
001 - NÚMERO DE CONTROL
campo de control 135472
003 - IDENTIFICADOR DE NÚMERO DE CONTROL
campo de control ES-MaACL
007 - CAMPO FIJO DE DESCRIPCIÓN FÍSICA--INFORMACIÓN GENERAL
campo de control de longitud fija t|
008 - DATOS DE LONGITUD FIJA--INFORMACIÓN GENERAL
campo de control de longitud fija 070718s1907 gw ||||1| spa d
100 1# - ENTRADA PRINCIPAL--NOMBRE DE PERSONA
Nombre de persona Torre, Fernando de la.
9 (RLIN) 110736
245 10 - MENCIÓN DEL TÍTULO
Título Cancionero y obras en prosa /
Mención de responsabilidad, etc. de Fernando de la Torre.
260 ## - PUBLICACIÓN, DISTRIBUCIÓN, ETC.
Lugar de publicación, distribución, etc. Dresden :
Nombre del editor, distribuidor, etc. Halle-Buchdruckerei des Waisenhauses,
Fecha de publicación, distribución, etc. 1907.
300 ## - DESCRIPCIÓN FÍSICA
Extensión XXX, 220 p. ;
Dimensiones 24 cm.
852 ## - LOCALIZACIÓN
Ubicación ES-MaACL
Número de control de estantería B-3951
Holdings
Estatus retirado Estado de pérdida Estado de daño No para préstamo Biblioteca de origen Biblioteca actual Ubicación en estantería Fecha de adquisición Fuente de adquisición Total de préstamos Signatura topográfica completa Código de barras Visto por última vez Precio de reemplazo Tipo de ítem Koha
        Biblioteca del Ateneo de Madrid Biblioteca del Ateneo de Madrid Sala Pardo Bazán 17/01/2008     B-3951 1140999 23/02/2023 23/02/2023 Libro impreso